Ostpolitik, 1969 - 1974. - Cambridge, Mass. [u.a.] : Cambridge Univ. Press. - 2009 [Rezension]
| Titel: | Ostpolitik, 1969 - 1974. - Cambridge, Mass. [u.a.] : Cambridge Univ. Press. - 2009 [Rezension] |
|---|---|
| Verfasser: | |
| In: |
Slavic review, Band 69, Heft 1 (2010), Seite 208-209 alle Artikel anzeigen |
| Veröffentlicht: | 2010 |
| Format: | Aufsatz |
| Sprache: | Englisch |
X
alg: 39500940
001A $01999:12-11-16
001B $01999:04-08-21 $t21:01:59.000
001D $01999:12-11-16
001U $0utf8
001X $00
002@ $0Aox
003@ $0395009405
007A $0395009405 $aHEB
007T $0Herdc0062327m
010@ $aeng
011@ $a2010
021A $aOstpolitik, 1969 - 1974. - Cambridge, Mass. {[u.a.] : Cambridge Univ. Press. - 2009 [Rezension]
028A $aCrowe $dDavid M.
031A $d69 $e1 $h208-209 $j2010
039B $aIn $8--Abvc--. Slavic review. - Cambridge : Cambridge University Press, 1961-. - ISSN 0037-6779 $x201000000690001792 $9047271809
039T $8--Aau--. Ostpolitik, 1969 - 1974. - Cambridge, Mass. {[u.a.] : Cambridge Univ. Press, 2009. - XXIV, 289 S.. - Ill.. - ISBN 978-0-521-89970-3 $9201773228
045F $a900.9437 $eDDC23BSB
045F/01 $a900
045F/03 $g437
045T $a3,6 $a7,41
lok: 39500940 78
exp: 39500940 78 1 #EPN
201B/01 $018-11-16 $t13:25:26.000
201U/01 $0utf8
203@/01 $0791308022
208@/01 $a12-11-16 $be
209A/01 $a/ $f000 $x00
220C/01 $aTitelaufnehmer: rb
220C/01 $aHerkunft: HI Marburg
244Z/01 $2Trx $#Kesk- ja Ida- Euroopa kontseptsioonid $#Vidurio Europos koncepcijos $#East-Central Europe $#Keletközépeurópa-eszmék $#Europa Środkowo-Wschodnia koncepcje $#Európa stredovýchodná koncepcie $#Evropa střední, východní část koncepce $#Mitteleuropa $#Osteuropakonzeptionen $#Europa Środkowa koncepcje $#Stredná Európa koncepcie $#Střední Europa koncepce $8--Trx--Ostmitteleuropakonzeptionen $x01 $9391364286
244Z/01 $2Trx $#arvustused $#recenzijos $#Reviews $#recenziók $#recenzje $#recenzie $#recenze $8--Trx--Rezensionen $x02 $9391357441
247C/01 $82080>Marburg/Lahn, Herder-Institut, Forschungsbibliothek, Bibliographieportal $9336309341
| LEADER | 00000caa a22000002c 4500 | ||
|---|---|---|---|
| 001 | 395009405 | ||
| 003 | DE-603 | ||
| 005 | 20210804210159.0 | ||
| 007 | tu | ||
| 008 | 161112s2010 xx |||| | u00||u|eng c | ||
| 035 | |a (DE-599)HEB395009405 | ||
| 040 | |a DE-603 |b ger |c DE-603 |d DE-603 | ||
| 041 | |a eng | ||
| 082 | 0 | 4 | |8 1\u |a 900.9437 |q DE-101 |2 23/BSB |
| 084 | |a 3,6 |a 7,41 |2 ssgn | ||
| 085 | |8 1\u |b 900 | ||
| 085 | |8 1\u |z 2 |s 437 | ||
| 100 | 1 | |a Crowe, David M. | |
| 245 | 0 | 0 | |a Ostpolitik, 1969 - 1974. - Cambridge, Mass. [u.a.] : Cambridge Univ. Press. - 2009 [Rezension] |
| 264 | 0 | |c 2010 | |
| 773 | 0 | 8 | |i In |t Slavic review |d Cambridge : Cambridge University Press, 1961- |x 0037-6779 |g Band 69, Heft 1 (2010), Seite 208-209 |w (DE-603)047271809 |w (DE-600)203404-9 |
| 787 | 0 | 8 | |i Rezension von |t Ostpolitik, 1969 - 1974 |d Cambridge, Mass. [u.a.] : Cambridge Univ. Press, 2009 |h XXIV, 289 S., Ill. |z 9780521899703 |w (DE-603)201773228 |
| 924 | 0 | |9 2080 |a (DE-603)791308022 |b DE-2080 |c HES |d d |g / | |


